000 01794nam a22003137a 4500
003 OSt
005 20260630131330.0
008 260624t2025 xxu||||| |||| 00| 0 spa d
040 _aUnicoc
_bspa
_c00001
_d00001
082 _a371.33
100 _913134
_aRey Valzacchi, Jorge
245 _aEl poder de la Inteligencia Artificial (IA) en el Aprendizaje Basado en Proyectos (ABP)
_b: Un enfoque innovador para la Educación
_c/ Jorge Rey Valzacchi
250 _a1 Ed.
260 _aArgentina :
_bInstituto Latinoamericano de Desarrollo Profesional Docente ,
_c2025.
300 _a55 páginas
_bIlustraciones, diagramas, tablas, gráficas
440 _913135
_aAprende Virtual
505 _t1. Introducción al Aprendizaje Basado en Proyectos (ABP). --
_t2. La Inteligencia Artificial en la educación. --
_t3. Chat GPT en el Aprendizaje Basado en Proyectos. --
_t4. DALL-E en el Aprendizaje por Proyectos. --
_t5. Diseñando proyectos educativos con ChatGPT y DALL-E. --
_t6. Veinte proyectos integrando herramientas de IA. --
_t7. Consideraciones éticas en el uso de Chat GPT en educación. --
_t8. Evaluación y medición del éxito de ABP con IA.
526 _5Unicoc
546 _aEspañol
650 0 _910540
_aInteligencia artificial
_vAplicaciones educativas
650 0 _913175
_aAprendizaje basado en proyectos (ABP)
650 0 _96662
_a Innovaciones educativas.
650 0 _913176
_aTecnologías educativas emergentes
650 0 _913177
_aChatGPT en educación
650 0 _913178
_aDALL‑E en educación
650 0 _9192
_aInnovaciones tecnológicas
856 _yAcceso online exclusivo para comunidad Unicoc.
_uhttps://unicoceduco-my.sharepoint.com/:b:/g/personal/direccionbiblioteca_unicoc_edu_co/IQByr9vwTVASQYcRNAAASeTkATb-DVUxqZEjl0ebos4ytnU
942 _2ddc
_cEBOOK
999 _c10901
_d10901